Which has a larger population? New or old? - Statistics

General Stats
  • This quiz has been taken 43 times
    17 since last reset
  • The average score is 8 of 10
Answer Stats
Question Answer % Correct
Which has a larger population? New Jersey
100%
Which has a larger population? New York
94%
Which has a larger population? New Orleans
88%
Which has a larger population? Scotland
88%
Which has a larger population? New Zealand
81%
Which has a larger population? Plymouth
81%
Which has a larger population? New South Wales
75%
Which has a larger population? New Brunswick
63%
Which has a larger population? Novopolotsk
56%
Which has a larger population? Guinea
50%
No matching quizzes found
Score Distribution
Percent of People with Each Score
Percentile by Number Answered
Your Score History
You have not taken this quiz since the last reset